LIBRARY ONLINE CATALOGUE

Analysing survival data from clinical trials and observational studies (Record no. 17946)

MARC details
000 -LEADER
fixed length control field 00619nam a22001817a 4500
008 - FIXED-LENGTH DATA ELEMENTS--GENERAL INFORMATION
fixed length control field 191007b xxu||||| |||| 00| 0 eng d
020 ## - INTERNATIONAL STANDARD BOOK NUMBER
International Standard Book Number 0471939870
040 ## - CATALOGING SOURCE
Original cataloging agency KABU
Transcribing agency KABU
050 ## - LIBRARY OF CONGRESS CALL NUMBER
Classification number R853
Item number .M37 1995 c. 1
100 ## - MAIN ENTRY--PERSONAL NAME
Personal name Marubini, Ettore
245 ## - TITLE STATEMENT
Title Analysing survival data from clinical trials and observational studies
Statement of responsibility, etc. Ettore Marubini and Maria Grazia Valsecchi
260 ## - PUBLICATION, DISTRIBUTION, ETC. (IMPRINT)
Place of publication, distribution, etc. New York
Name of publisher, distributor, etc. John Wiley & Sons
Date of publication, distribution, etc. 1995
300 ## - PHYSICAL DESCRIPTION
Extent xvi, 414 p.
650 ## - SUBJECT ADDED ENTRY--TOPICAL TERM
Topical term or geographic name as entry element Clinical trials
General subdivision Statistical methods
650 ## - SUBJECT ADDED ENTRY--TOPICAL TERM
Topical term or geographic name as entry element Survival analysis (Biometry)
700 ## - ADDED ENTRY--PERSONAL NAME
Personal name Valsecchi, Maria Grazia
942 ## - ADDED ENTRY ELEMENTS (KOHA)
Source of classification or shelving scheme Library of Congress Classification
Koha item type General Collection
Classification part .M37 1995 c. 1
Holdings
Withdrawn status Lost status Source of classification or shelving scheme Not for loan Home library Current library Date acquired Cost, normal purchase price Total Checkouts Full call number Barcode Date last seen Copy number Price effective from Koha item type
    Library of Congress Classification   Kabarak, Main Campus Kabarak, Main Campus 07/10/2019 7690.65   R853 .M37 1995 c. 1 023865 07/10/2019 c. 1 07/10/2019 General Collection